[Event "24th Abu Dhabi Masters"]
[Site "Abu Dhabi UAE"]
[Date "2017.08.16"]
[Round "3.49"]
[White "Ashwath, R."]
[Black "Pujari, Rucha"]
[Result "1/2-1/2"]
[BlackTitle "WIM"]
[WhiteElo "2290"]
[BlackElo "2153"]
[WhiteFideId "5021049"]
[BlackFideId "5024528"]
[EventDate "2017.08.14"]

1. d4 d5 2. c4 e6 3. Nc3 Nf6 4. cxd5 exd5 5. Bg5 c6 6. e3 Bf5 7. Qf3 Bg6 8. Bxf6
Qxf6 9. Qxf6 gxf6 10. Nf3 Nd7 11. Nh4 Be7 12. f4 f5 13. Nf3 Nf6 14. a3 Ne4 15.
Rc1 O-O 16. Bd3 Nd6 17. Na4 b5 18. Nc5 Nc4 19. Bxc4 bxc4 20. Na6 f6 21. Rc3 Rfc8
22. b3 cxb3 1/2-1/2

[Event "24th Abu Dhabi Masters"]
[Site "Abu Dhabi UAE"]
[Date "2017.08.16"]
[Round "3.50"]
[White "Phadke, Sohan"]
[Black "Rayes, Abdul Kader"]
[Result "1/2-1/2"]
[WhiteTitle "FM"]
[WhiteElo "2111"]
[BlackElo "2259"]
[WhiteFideId "5016223"]
[BlackFideId "7600801"]
[EventDate "2017.08.14"]

1. d4 d5 2. Bf4 Nf6 3. e3 Bf5 4. c4 c6 5. Nc3 Qb6 6. Qb3 Nbd7 7. c5 Qxb3 8. axb3
a6 9. f3 e6 10. g4 Bg6 11. b4 Rc8 12. Nge2 Be7 13. Nc1 Bd8 14. Nb3 Bc7 15. Bxc7
Rxc7 16. b5 O-O 17. b6 Rcc8 18. Na5 Rb8 19. Kd2 Rfe8 20. Na2 e5 21. Nb4 exd4 22.
exd4 Nf8 23. Bxa6 Ne6 24. Naxc6 bxc6 25. Nxc6 Nd7 26. Nxb8 Rxb8 27. Kc3 Nxb6 28.
cxb6 Rxb6 29. b4 Rc6+ 30. Kb2 Rc2+ 31. Ka3 Rc3+ 32. Ka4 Bc2+ 33. Ka5 Nxd4 34. b5
Nb3+ 35. Kb4 Rc4+ 36. Ka3 Nxa1 37. Rxa1 Ra4+ 38. Kb2 Rxa1 39. Kxa1 Bd3 40. Kb2
d4 41. Kb3 Be2 42. Kb4 Kf8 43. Kc5 Ke7 44. Kxd4 Bxf3 45. b6 Kd6 46. Bd3 Bxg4 47.
Bxh7 Kc6 48. Bg8 Bh5 49. Ke5 Kxb6 50. Kf5 f6 51. h4 Kc5 52. Bh7 Kd6 53. Bg6 Bd1
54. Kf4 Ke7 55. Bd3 Bb3 56. Kf5 Kf7 57. h5 Be6+ 58. Kf4 Kg8 59. Bg6 Bf7 60. Kf5
Bb3 61. Kf4 Kf8 62. Kg4 Bd1+ 63. Kf4 Be2 64. Ke3 Bd1 65. Kf4 Ke7 66. Ke3 Bg4 67.
Kf4 Be2 68. Ke3 Bd1 69. Kf4 Kd7 70. Bf5+ Kd6 71. Bg6 Ba4 72. Bd3 Bd1 73. Bg6 Ke6
74. Bf5+ Kd5 75. Bg6 Kd4 76. h6 gxh6 77. Kf5 Ke3 78. Kxf6 Kf4 79. Be8 Bb3 80.
Kg6 h5 1/2-1/2

[Event "24th Abu Dhabi Masters"]
[Site "Abu Dhabi UAE"]
[Date "2017.08.16"]
[Round "3.51"]
[White "Kavinda, Akila"]
[Black "Chifor, Ovidiu-Emanuel"]
[Result "0-1"]
[WhiteElo "2124"]
[BlackElo "2245"]
[WhiteFideId "9901302"]
[BlackFideId "1215400"]
[EventDate "2017.08.14"]

1. e4 e5 2. Nf3 Nc6 3. Bc4 Nf6 4. d3 Bc5 5. O-O a6 6. c3 Ba7 7. a4 O-O 8. h3 h6
9. Re1 Re8 10. Nbd2 d6 11. Bb3 Ne7 12. Nf1 Ng6 13. Ng3 Be6 14. Bxe6 fxe6 15. Be3
Qd7 16. Bxa7 Rxa7 17. d4 exd4 18. cxd4 Raa8 19. Rc1 Nf4 20. Rc3 Re7 21. Qb3 Rb8
22. Rec1 Ne8 23. a5 Rf7 24. Nh2 Qe7 25. R1c2 g6 26. Qa2 Kg7 27. b4 Qg5 28. Nf3
Qb5 29. Qb2 b6 30. axb6 Rxb6 31. Ra3 Qxb4 32. Qxb4 Rxb4 33. Rxa6 Nxh3+ 34. Kh2
Nf4 35. e5 d5 36. Ra8 Kf8 37. Ne2 Nxe2 38. Rxe2 Ke7 39. Rc2 Kd7 40. Ra6 Rb6 41.
Ra8 Rb4 42. Ra6 g5 43. Kg3 Rf4 44. Rcc6 Ng7 45. Rc2 Nf5+ 46. Kh2 g4 47. Ra7 Rc4
48. Rxc4 dxc4 49. Nd2 c3 50. Nc4 c2 51. Ra1 Rxd4 52. Na3 Rd2 53. Rc1 Nd4 54. Kg3
Ne2+ 0-1

[Event "24th Abu Dhabi Masters"]
[Site "Abu Dhabi UAE"]
[Date "2017.08.16"]
[Round "3.52"]
[White "Chitlange, Sakshi"]
[Black "Teh, Eu Wen Aron"]
[Result "0-1"]
[WhiteTitle "WIM"]
[BlackTitle "FM"]
[WhiteElo "2073"]
[BlackElo "2276"]
[WhiteFideId "35002899"]
[BlackFideId "5704723"]
[EventDate "2017.08.14"]

1. d4 Nf6 2. c4 e6 3. Nf3 d5 4. g3 dxc4 5. Bg2 c5 6. O-O Nc6 7. Qa4 Bd7 8. Qxc4
b5 9. Qd3 c4 10. Qd1 Rc8 11. Re1 Be7 12. e4 O-O 13. Bf4 Na5 14. Nbd2 b4 15. Ne5
Bb5 16. Ndf3 Qb6 17. Rc1 Ne8 18. Be3 f6 19. Nd3 Rd8 20. Nf4 Nc7 21. Qc2 Qa6 22.
Bf1 Kh8 23. Red1 Rc8 24. Nd2 e5 25. dxe5 fxe5 26. Nd5 Bd6 27. Bh3 Rcd8 28. Bg5
Rde8 29. Bf1 Ne6 30. Be3 Rc8 31. Bh3 Nd4 32. Bxd4 exd4 33. Bxc8 Qxc8 34. Nf1 Bc5
35. Rd2 b3 36. Qd1 bxa2 37. b4 cxb3 38. Qh5 Qe8 39. Qd1 Bc4 40. Ra1 Qxe4 41. Nf4
g5 42. Nd3 Bb6 43. Ne1 g4 44. Nd3 Bd5 0-1

[Event "24th Abu Dhabi Masters"]
[Site "Abu Dhabi UAE"]
[Date "2017.08.16"]
[Round "3.54"]
[White "Llano Olabarrieta, Joseba"]
[Black "Mithil, Ajgaonkar"]
[Result "1/2-1/2"]
[WhiteElo "2135"]
[BlackElo "2224"]
[WhiteFideId "32018240"]
[BlackFideId "5017343"]
[EventDate "2017.08.14"]

1. e4 c6 2. Nc3 d5 3. Nf3 Bg4 4. Be2 e6 5. d4 Nd7 6. O-O dxe4 7. Nxe4 Ngf6 8.
Ng3 Bd6 9. h3 Bxf3 10. Bxf3 Qc7 11. Ne4 Nxe4 12. Bxe4 Nf6 13. Bf3 O-O 14. c3 Nd5
15. g3 Be7 16. c4 Nb6 17. Qe2 Rad8 18. Bf4 Qc8 19. Rfd1 Rd7 20. a4 a5 21. b3 Qd8
22. Be5 Bb4 23. Qb2 Qe7 24. Be2 Nc8 25. d5 f6 26. Bf4 cxd5 27. cxd5 Rxd5 28.
Rxd5 exd5 29. Rd1 Nb6 30. Bf3 Rd8 31. Qd4 Bc5 32. Qc3 Bb4 33. Qc7 Nc8 34. Rxd5
Qxc7 35. Bxc7 Rxd5 36. Bxd5+ Kf8 37. Bxb7 Nd6 38. Bd5 Ke7 39. Kf1 Kd7 40. Bb6
Nc8 41. Be3 Ne7 42. Be4 f5 43. Bd3 Ke6 44. Ke2 Nc6 45. g4 fxg4 46. hxg4 h6 47.
Be4 Ne5 48. Bf5+ Kd5 49. f4 Nf7 50. Bh7 Nd6 51. Kd3 Bc5 52. Bd2 Bb4 53. Bg8+ Kc5
54. Be3+ Kc6 55. Bd4 g6 56. Be6 h5 57. gxh5 gxh5 58. f5 Nb7 59. Ke4 Nc5+ 60. Ke5
Nd3+ 61. Kf6 h4 62. Bc4 Ne1 63. Ke6 h3 64. Be5 Kc5 65. Bf1 Nf3 66. Bd6+ Kd4 67.
Bxb4 axb4 68. a5 Ng5+ 69. Kd6 Ne4+ 70. Kc6 Nd2 71. Bxh3 Nxb3 72. f6 Nxa5+ 73.
Kd7 Nc4 74. f7 Ne5+ 75. Ke8 Nxf7 76. Kxf7 Ke4 77. Be6 1/2-1/2

[Event "24th Abu Dhabi Masters"]
[Site "Abu Dhabi UAE"]
[Date "2017.08.16"]
[Round "3.55"]
[White "Ayyad, Husain"]
[Black "Bhagwat, Vinod"]
[Result "1-0"]
[WhiteTitle "FM"]
[BlackTitle "CM"]
[WhiteElo "2208"]
[BlackElo "2109"]
[WhiteFideId "11200243"]
[BlackFideId "5005949"]
[EventDate "2017.08.14"]

1. e4 c6 2. d4 d5 3. exd5 cxd5 4. Bd3 Nc6 5. c3 Nf6 6. h3 g6 7. Nf3 Bg7 8. O-O
Bf5 9. Bxf5 gxf5 10. Bf4 e6 11. Ne5 O-O 12. Nd2 Kh8 13. Nxc6 bxc6 14. Nb3 Nd7
15. Re1 Rg8 16. Qh5 Qf6 17. Na5 Rac8 18. Nb7 Qg6 19. Qxg6 hxg6 20. Nd6 Rcf8 21.
a4 Kh7 22. Ra3 c5 23. dxc5 Nxc5 24. Rd1 a6 25. b4 Nd7 26. b5 a5 27. c4 d4 28.
Bd2 Be5 29. Nb7 Ra8 30. Nxa5 Bd6 31. Ra2 Nb6 32. Rc1 Rgc8 33. Nc6 Rxa4 34. Rxa4
Nxa4 35. Nxd4 Nb2 36. Nc6 Bc5 37. Be3 Nd3 38. Rc3 Bxe3 39. Rxd3 Bc5 40. Rd7 Kg7
41. Ne5 Kf6 42. Nxf7 Bb6 43. g4 fxg4 44. hxg4 Rc7 45. g5+ Kf5 1-0

[Event "24th Abu Dhabi Masters"]
[Site "Abu Dhabi UAE"]
[Date "2017.08.16"]
[Round "3.56"]
[White "Kulkarni, Vinayak"]
[Black "Priyanka, K"]
[Result "1/2-1/2"]
[WhiteElo "2204"]
[BlackElo "2106"]
[WhiteFideId "5021332"]
[BlackFideId "5082986"]
[EventDate "2017.08.14"]

1. d4 Nf6 2. c4 g6 3. Nc3 Bg7 4. e4 d6 5. Nf3 O-O 6. Be2 e5 7. O-O Nc6 8. d5 Ne7
9. b4 a5 10. Ba3 axb4 11. Bxb4 b6 12. a4 Ne8 13. Nb5 f5 14. Qd3 fxe4 15. Qxe4
Bf5 16. Qe3 Bd7 17. Bc3 Nf6 18. Nd2 Nf5 19. Qd3 Re8 20. Ne4 Nxe4 21. Qxe4 Nd4
22. Bg4 Nb3 23. Bxd7 Qxd7 24. Ra3 Na5 25. Bd2 Rf8 26. h4 Rf7 27. Qe2 Qf5 28. Rc1
Raf8 29. Bxa5 bxa5 30. Rf1 Bh6 31. Rg3 Bf4 32. Rh3 h5 33. Nc3 Rb8 34. Nb5 Rbf8
35. Nc3 Rb8 36. Nb5 1/2-1/2

[Event "24th Abu Dhabi Masters"]
[Site "Abu Dhabi UAE"]
[Date "2017.08.16"]
[Round "3.57"]
[White "Armstrong, Malcolm J"]
[Black "Abhilash, Reddy M.L."]
[Result "0-1"]
[WhiteElo "2109"]
[BlackElo "2188"]
[WhiteFideId "409049"]
[BlackFideId "5024668"]
[EventDate "2017.08.14"]

1. d4 d5 2. Nf3 Nf6 3. c4 c6 4. e3 a6 5. Bd2 Bf5 6. Qb3 Ra7 7. Nc3 e6 8. Rc1
Nbd7 9. Nh4 Bg4 10. h3 Bh5 11. g4 Bg6 12. Nxg6 hxg6 13. Bg2 Be7 14. cxd5 exd5
15. O-O O-O 16. Ne2 Re8 17. Ng3 Qb6 18. Qxb6 Nxb6 19. b3 a5 20. a4 Bd6 21. Ne2
Nbd7 22. Rc2 g5 23. Nc3 Nf8 24. f3 Ne6 25. Kf2 Raa8 26. Ne2 c5 27. Rfc1 b6 28.
Bc3 Rad8 29. Ng3 cxd4 30. Bxd4 Nxd4 31. exd4 Bf4 32. Rd1 Rc8 33. Rxc8 Rxc8 34.
Ne2 Rc2 35. Kf1 Bd2 36. Kf2 Kf8 37. Bf1 Rb2 38. Ng3 Bf4+ 39. Ne2 Ke7 40. Rd3 Bd2
41. Ng3 Bf4+ 42. Ne2 Bd2 43. Ng3 g6 44. Be2 Kd6 45. Nf1 Bb4 46. Ne3 Ne8 47. Nd1
Rc2 48. Ne3 Ra2 49. Ng2 Bd2 50. h4 gxh4 51. Nxh4 Nc7 52. Ng2 Ne6 53. Kg3 g5 54.
Kf2 Rb2 55. Kf1 Bf4 56. Kf2 Rc2 57. Kf1 Nd8 58. Nxf4 gxf4 59. Ke1 Nc6 60. Kd1
Rb2 61. Rd2 Rxd2+ 62. Kxd2 Nxd4 63. Bd1 Kc5 64. Kd3 Nc6 65. Kc3 Ne5 66. Be2 f6
67. Bd1 d4+ 68. Kd2 Kb4 69. Kc2 d3+ 70. Kd2 b5 71. axb5 Kxb5 72. Kc1 Kc5 73. Kb2
Kd4 0-1

[Event "24th Abu Dhabi Masters"]
[Site "Abu Dhabi UAE"]
[Date "2017.08.16"]
[Round "3.58"]
[White "Saim, Mohamed Ilias"]
[Black "Pratyusha, Bodda"]
[Result "1/2-1/2"]
[WhiteTitle "FM"]
[BlackTitle "WIM"]
[WhiteElo "2102"]
[BlackElo "2171"]
[WhiteFideId "7900465"]
[BlackFideId "5000629"]
[EventDate "2017.08.14"]

1. e4 e5 2. d4 exd4 3. Nf3 Nc6 4. Bc4 Bc5 5. Ng5 Nh6 6. Nxf7 Nxf7 7. Bxf7+ Kxf7
8. Qh5+ g6 9. Qxc5 d6 10. Qa3 Qe7 11. Nd2 d5 12. Qxe7+ Nxe7 13. O-O dxe4 14.
Nxe4 Bf5 15. f3 Rhe8 16. Bh6 Bxe4 17. fxe4+ Ke6 18. Bg7 Rad8 19. Rad1 Nc6 20. a3
Rd7 21. Rf6+ Ke7 22. Rf2 Ke6 23. Rf6+ Ke7 24. Rf2 Ke6 25. Rf6+ 1/2-1/2

[Event "24th Abu Dhabi Masters"]
[Site "Abu Dhabi UAE"]
[Date "2017.08.16"]
[Round "3.59"]
[White "Al-Zaabi, Sultan"]
[Black "Hakobyan, Eduard"]
[Result "0-1"]
[WhiteTitle "CM"]
[WhiteElo "1747"]
[BlackElo "2164"]
[WhiteFideId "9307583"]
[BlackFideId "13310860"]
[EventDate "2017.08.14"]

1. Nf3 Nf6 2. d4 e6 3. g3 c5 4. Bg2 Nc6 5. O-O Be7 6. c4 cxd4 7. Nxd4 O-O 8. Nc3
Bc5 9. Nb3 Bb4 10. Qc2 Qe7 11. a3 Bd6 12. Rd1 Bb8 13. Bg5 h6 14. Bxf6 Qxf6 15.
c5 b6 16. Nb5 bxc5 17. Nxc5 a6 18. Nxd7 Bxd7 19. Rxd7 Ne5 20. Rd2 Ba7 21. Nxa7
Rxa7 22. Qc5 Re7 23. Rad1 Ree8 24. Bb7 a5 25. f4 Ng6 26. e4 Rb8 27. e5 Qf5 28.
Rd7 Nxf4 29. Rf1 Rxb7 30. Rxf4 Qxf4 31. gxf4 Rxd7 32. Qxa5 Rd1+ 33. Kf2 Rfd8 34.
Ke2 R8d5 35. Qa8+ Kh7 36. b4 R1d2+ 37. Ke3 Rxh2 38. a4 Rh3+ 39. Ke2 Rb3 40. b5
Rb4 41. Qa6 h5 42. b6 h4 43. b7 h3 44. Kf3 Rdd4 45. Qc6 Rd3+ 46. Kg4 Rdb3 47.
Qc2+ Kh6 48. Qf2 f5+ 49. exf6 gxf6 50. a5 f5+ 51. Kh4 Rxb7 52. a6 Rg7 0-1

[Event "24th Abu Dhabi Masters"]
[Site "Abu Dhabi UAE"]
[Date "2017.08.16"]
[Round "3.60"]
[White "Mrudul, Dehankar"]
[Black "Michelle Catherina, P"]
[Result "1/2-1/2"]
[WhiteTitle "WCM"]
[BlackTitle "WIM"]
[WhiteElo "2155"]
[BlackElo "2101"]
[WhiteFideId "25096990"]
[BlackFideId "5005736"]
[EventDate "2017.08.14"]

1. e4 e5 2. Nf3 Nc6 3. Bb5 g6 4. O-O Bg7 5. c3 a6 6. Ba4 d6 7. d4 Bd7 8. d5 Nce7
9. Bxd7+ Qxd7 10. Nbd2 h6 11. Re1 f5 12. Qb3 b6 13. c4 f4 14. Qd3 g5 15. Nf1 a5
16. b3 g4 17. N3d2 Ng6 18. Bb2 N8e7 19. f3 Nh4 20. Re2 Rg8 21. fxg4 Qxg4 22. h3
Qd7 23. Kh1 Bf6 24. Nf3 Neg6 25. N1h2 h5 26. Rf1 Qg7 27. Bc3 Qe7 28. Be1 Nxf3
29. Nxf3 Bh4 30. Qc3 Kd7 31. a3 Rg7 32. b4 axb4 1/2-1/2

[Event "24th Abu Dhabi Masters"]
[Site "Abu Dhabi UAE"]
[Date "2017.08.16"]
[Round "3.61"]
[White "Arshavskij, Viktor"]
[Black "Alothman, Abdul Wahab"]
[Result "0-1"]
[BlackTitle "CM"]
[WhiteElo "2141"]
[BlackElo "2047"]
[WhiteFideId "4125045"]
[BlackFideId "10300015"]
[EventDate "2017.08.14"]

1. d4 d5 2. c3 c5 3. Bf4 Nf6 4. e3 Nc6 5. Bd3 Qb6 6. Qc2 c4 7. Be2 Bf5 8. Qc1 e6
9. Nd2 Qd8 10. b3 b5 11. Ngf3 Bd6 12. Bg3 O-O 13. O-O h6 14. Ne5 Bxe5 15. dxe5
Ne4 16. Nxe4 Bxe4 17. Rd1 Qb6 18. f3 Bg6 19. f4 Be4 20. Bf2 cxb3 21. axb3 Rfc8
22. Bd3 Nb4 23. Bxe4 dxe4 24. Rd4 Nd3 25. Qd2 Qc6 26. c4 bxc4 27. bxc4 Rcb8 28.
Rxd3 exd3 29. Qxd3 a5 30. e4 a4 31. f5 exf5 32. exf5 a3 33. f6 a2 34. Bd4 Rb4
35. Qg3 Rb1+ 36. Kf2 g5 37. Qd3 Rb4 38. Qd2 Rxc4 0-1

[Event "24th Abu Dhabi Masters"]
[Site "Abu Dhabi UAE"]
[Date "2017.08.17"]
[Round "4.1"]
[White "Amin, Bassem"]
[Black "Stupak, Kirill"]
[Result "1-0"]
[WhiteTitle "GM"]
[BlackTitle "GM"]
[WhiteElo "2680"]
[BlackElo "2573"]
[WhiteFideId "10601457"]
[BlackFideId "13503758"]
[EventDate "2017.08.14"]

1. e4 e6 2. d3 d5 3. Nd2 Nf6 4. Ngf3 c5 5. g3 g6 6. Bg2 Bg7 7. O-O O-O 8. Re1
Nc6 9. c3 Re8 10. e5 Nd7 11. d4 f6 12. exf6 Qxf6 13. Nb3 c4 14. Nbd2 e5 15. b3
cxb3 16. Qxb3 Kh8 17. Qxd5 Nb6 18. Qb5 Bf5 19. Bb2 exd4 20. cxd4 Rxe1+ 21. Rxe1
Rd8 22. Nb3 Bd7 23. Qe2 Bg4 24. h3 Bxf3 25. Qxf3 Qxf3 26. Bxf3 Kg8 27. Kg2 Kf7
28. Rc1 Na4 29. Ba1 Rc8 30. Na5 Ne7 31. Rxc8 Nxc8 32. Bxb7 Nd6 33. Bd5+ Kf8 34.
Nc6 a6 35. Bb3 Nb6 36. Bc3 Ke8 37. Bb4 Nb5 38. d5 Nc7 39. d6 Ncd5 40. Ba3 Bc3
41. Kf3 a5 42. Ke4 Nf6+ 43. Kd3 Be1 44. Bc5 Nfd5 45. a3 a4 46. Ba2 1-0

[Event "24th Abu Dhabi Masters"]
[Site "Abu Dhabi UAE"]
[Date "2017.08.17"]
[Round "4.2"]
[White "Efimenko, Zahar"]
[Black "Idani, Pouya"]
[Result "1/2-1/2"]
[WhiteTitle "GM"]
[BlackTitle "GM"]
[WhiteElo "2636"]
[BlackElo "2569"]
[WhiteFideId "14107201"]
[BlackFideId "12510130"]
[EventDate "2017.08.14"]

1. e4 c5 2. Nf3 g6 3. d4 cxd4 4. Nxd4 Nc6 5. c4 Bg7 6. Be3 Nf6 7. Nc3 d6 8. Be2
O-O 9. O-O Bd7 10. Nc2 Qa5 11. f3 Rfc8 12. Bd2 Qd8 13. b3 a6 14. Kh1 Ne8 15. Rc1
Rab8 16. a4 Nc7 17. Nd5 Nxd5 18. exd5 Nd4 19. Nxd4 Bxd4 20. Bg5 Bg7 21. Re1 h6
22. Bh4 b5 23. axb5 axb5 24. Bd3 g5 25. Bg3 bxc4 26. bxc4 Rb2 27. f4 e6 28. dxe6
Bxe6 29. f5 Bd7 30. Be4 Be5 31. Bxe5 dxe5 32. Qd6 Rb6 33. Qxe5 Qf6 34. Qxf6 Rxf6
35. c5 g4 36. Red1 Rc7 37. Kg1 Kg7 38. Rd4 h5 39. c6 Bxf5 40. Bxf5 Rxf5 41. Rd6
Kf8 42. g3 Ke7 43. Rh6 Rf6 44. Rxf6 Kxf6 45. Kf2 Ke5 46. Ke3 Kd5 47. Kf4 Rxc6
48. Rxc6 Kxc6 49. Ke5 Kd7 50. Kf6 Ke8 51. Kg5 Ke7 52. Kxh5 f5 53. Kh4 Kf6 54. h3
gxh3 55. Kxh3 Kg6 56. g4 fxg4+ 57. Kxg4 1/2-1/2

[Event "24th Abu Dhabi Masters"]
[Site "Abu Dhabi UAE"]
[Date "2017.08.17"]
[Round "4.3"]
[White "Sethuraman, S.P."]
[Black "Gabuzyan, Hovhannes"]
[Result "1/2-1/2"]
[WhiteTitle "GM"]
[BlackTitle "GM"]
[WhiteElo "2618"]
[BlackElo "2566"]
[WhiteFideId "5021596"]
[BlackFideId "13303732"]
[EventDate "2017.08.14"]

1. e4 c5 2. Nf3 d6 3. d4 cxd4 4. Nxd4 Nf6 5. Nc3 a6 6. Be3 e5 7. Nb3 Be6 8. Qd2
Nbd7 9. f3 b5 10. g4 Nb6 11. g5 Nfd7 12. O-O-O Be7 13. Na5 Qc7 14. Nd5 Nxd5 15.
exd5 Bf5 16. Kb1 Rc8 17. Bd3 Bh3 18. f4 Nc5 19. Nc6 Nxd3 20. Qxd3 Qd7 21. fxe5
Bf5 22. Qa3 dxe5 23. Qxa6 b4 24. Nxe5 Qd6 25. Nc6 O-O 26. Rhf1 Bg6 27. Qc4 Rfe8
28. Bd2 Qd7 29. Rfe1 Bd6 30. Bxb4 Bxh2 31. a4 h5 32. gxh6 gxh6 33. a5 Kh7 34.
Rh1 Re4 35. Qc3 Qg4 36. Rd2 Rc4 37. Rdxh2 Rxc3 38. Rxh6+ Kg7 39. Bxc3+ f6 40.
Rxg6+ Qxg6 41. Rf1 Qh5 42. Bxf6+ Kh7 43. Be5 Rxc6 44. dxc6 Qxe5 45. a6 Qc5 46.
Rf7+ Kg6 47. a7 Qxc6 48. Rc7 Qa4 49. b3 Qa3 50. Rb7 Kf5 51. Re7 Kf6 52. Rd7 Ke6
53. Rb7 Kd5 54. Rc7 Kd6 55. Rh7 Kc6 56. Rh6+ Kd5 57. Rh7 Kc6 58. Rg7 Kd5 59. Rc7
Kd6 60. Rb7 Kc6 1/2-1/2

[Event "24th Abu Dhabi Masters"]
[Site "Abu Dhabi UAE"]
[Date "2017.08.17"]
[Round "4.4"]
[White "Andersen, Mads"]
[Black "Bernadskiy, Vitaliy"]
[Result "1-0"]
[WhiteTitle "GM"]
[BlackTitle "GM"]
[WhiteElo "2586"]
[BlackElo "2562"]
[WhiteFideId "1413864"]
[BlackFideId "14100371"]
[EventDate "2017.08.14"]

1. Nf3 Nf6 2. g3 g6 3. c4 Bg7 4. d4 O-O 5. Bg2 d6 6. Nc3 Nc6 7. O-O a6 8. Bf4
Rb8 9. Rc1 b5 10. Nd5 Nh5 11. Bg5 h6 12. Bd2 e6 13. cxb5 exd5 14. Rxc6 Bd7 15.
Rxa6 Bxb5 16. Ra7 Ra8 17. Rxa8 Qxa8 18. a3 Nf6 19. Re1 Ne4 20. Qc1 g5 21. Be3 f5
22. h4 f4 23. gxf4 gxf4 24. Bxf4 Kh7 25. e3 Qd8 26. Qc2 Kh8 27. Rc1 Qf6 28. a4
Bd7 29. Qxc7 Qe6 30. Qb7 Rf7 31. a5 Bf8 32. h5 Qg4 33. Qxd5 Rg7 34. Ne1 Nd2 35.
Bxh6 Rg8 36. Bxf8 Be6 37. Qb7 d5 38. Bg7+ Rxg7 39. Qb8+ Kh7 40. Qf4 Qe2 41. Kh1
Rf7 42. Qg5 Rg7 43. Qf4 Rf7 44. Qe5 Bf5 45. Qxd5 Qxh5+ 46. Kg1 Rg7 47. Rc5 Rg5
48. Rc7+ Kh6 49. Qd6+ Rg6 50. Qf4+ Rg5 51. Qd6+ Rg6 52. Qh2 Rxg2+ 53. Kxg2 1-0

[Event "24th Abu Dhabi Masters"]
[Site "Abu Dhabi UAE"]
[Date "2017.08.17"]
[Round "4.5"]
[White "Pantsulaia, Levan"]
[Black "Wagner, Dennis"]
[Result "1-0"]
[WhiteTitle "GM"]
[BlackTitle "GM"]
[WhiteElo "2585"]
[BlackElo "2563"]
[WhiteFideId "13602071"]
[BlackFideId "24650684"]
[EventDate "2017.08.14"]

1. c4 e6 2. g3 d5 3. Bg2 Nf6 4. Nf3 dxc4 5. Qa4+ Bd7 6. Qxc4 c5 7. Ne5 Qc8 8.
Qd3 Nc6 9. Nxd7 Nxd7 10. Qb5 Nd4 11. Qa4 Be7 12. Nc3 O-O 13. O-O Nb6 14. Qd1 Rd8
15. d3 Qd7 16. b3 Rac8 17. Bb2 Bf6 18. Rc1 Nb5 19. Qc2 Nxc3 20. Bxc3 Bxc3 21.
Qxc3 Nd5 22. Qb2 b6 23. a3 a5 24. Rc2 Ne7 25. Rfc1 h6 26. Be4 Qd6 27. Rc4 Kf8
28. Qc2 Qd7 29. Qd2 Qd6 30. h4 Kg8 31. R4c2 Rc7 32. b4 axb4 33. axb4 Rdc8 34.
bxc5 Rxc5 35. Rxc5 Rxc5 36. Ra1 Rc8 37. Qb2 Qc5 38. Rb1 Rb8 39. Rc1 Qd6 40. Qb5
g6 41. h5 g5 42. Qa6 Qe5 43. Qa7 Nc8 44. Qd7 Nd6 45. Bg2 Nf5 46. e3 Qd6 47. Qa7
Rf8 48. d4 Qb8 49. Qa6 Rd8 50. Rc6 b5 51. Rxe6 Nd6 52. Re7 b4 53. Bd5 Kf8 54.
Ra7 b3 55. Ra8 Qxa8 56. Bxa8 b2 57. Qb6 Rxa8 58. Qxb2 1-0

[Event "24th Abu Dhabi Masters"]
[Site "Abu Dhabi UAE"]
[Date "2017.08.17"]
[Round "4.6"]
[White "Indjic, Aleksandar"]
[Black "Ghaem Maghami, Ehsan"]
[Result "1-0"]
[WhiteTitle "GM"]
[BlackTitle "GM"]
[WhiteElo "2581"]
[BlackElo "2540"]
[WhiteFideId "911925"]
[BlackFideId "12500739"]
[EventDate "2017.08.14"]

1. d4 Nf6 2. c4 e6 3. Nc3 Bb4 4. Qc2 d5 5. cxd5 exd5 6. Bg5 h6 7. Bh4 O-O 8. e3
Nbd7 9. Bd3 Re8 10. Ne2 c6 11. O-O-O Qa5 12. g4 Ne4 13. a3 Bxc3 14. Nxc3 Nxc3
15. Qxc3 Qxc3+ 16. bxc3 Nf6 17. Bxf6 gxf6 18. h4 Kg7 19. Rdg1 Bd7 20. Kd2 Rac8
21. Rg3 Rh8 22. Rhg1 Rc7 23. Rf3 Be6 24. Bf5 Re7 25. Kd3 Rg8 26. Rf4 Rge8 27. a4
b6 28. Kd2 Rc7 29. g5 fxg5 30. hxg5 Bxf5 31. Rxf5 hxg5 32. Rgxg5+ Kf8 33. Rg6
Ree7 34. Rd6 Red7 35. Rh6 Kg7 36. Rff6 c5 37. Rc6 cxd4 38. cxd4 Rxc6 39. Rxc6 f6
40. Kd3 Kf7 41. f3 Ke7 42. e4 Rd6 43. Rc1 Kd7 44. Rh1 dxe4+ 45. fxe4 Kc6 46. Kc4
a6 47. d5+ Kc7 48. Kd4 Rd7 49. Rc1+ Kb7 50. Rc6 Rf7 51. Re6 a5 52. Ke3 f5 53. e5
f4+ 54. Kf3 Rf5 55. Re7+ Kc8 56. d6 Kd8 57. e6 Rf6 58. Ke4 f3 59. Kd5 Rf5+ 60.
Kc6 f2 61. Rh7 1-0

[Event "24th Abu Dhabi Masters"]
[Site "Abu Dhabi UAE"]
[Date "2017.08.17"]
[Round "4.7"]
[White "Sviridov, Valery"]
[Black "Paichadze, Luka"]
[Result "0-1"]
[BlackTitle "GM"]
[WhiteElo "2519"]
[BlackElo "2581"]
[WhiteFideId "4120680"]
[BlackFideId "13602934"]
[EventDate "2017.08.14"]

1. e4 c6 2. d4 d5 3. f3 g6 4. Nc3 Bg7 5. Be3 dxe4 6. fxe4 Nf6 7. Nf3 Ng4 8. Bg1
e5 9. d5 O-O 10. Qe2 cxd5 11. Nxd5 Nf6 12. O-O-O Nxd5 13. Rxd5 Qc7 14. Bc5 Rd8
15. Rxd8+ Qxd8 16. Qd3 Qe8 17. Qb5 Nd7 18. Be3 a6 19. Qa5 Nf6 20. Bd3 b5 21. Rf1
Bb7 22. Nd2 Rc8 23. Qb6 Qd7 24. Kb1 Rc6 25. Qa7 Qc8 26. Nb3 Ba8 27. Nd2 Nd7 28.
Bg1 Rc7 29. Qe3 Nc5 30. Nb3 Ne6 31. g3 Nd4 32. Nxd4 exd4 33. Qf4 Re7 34. g4 Qe6
35. Re1 Be5 36. Qf3 Bc6 37. h3 a5 38. Bf2 a4 39. Bh4 Rb7 40. Rf1 b4 41. Bg5 b3
42. cxb3 axb3 43. a3 Bg7 44. Rc1 h6 45. Bd2 Re7 46. Re1 Qd7 47. Qf4 Re5 48. Bc4
Qb7 49. Bd3 Qe7 50. Rc1 Qe6 51. Ka1 Bxe4 52. Bc4 Bd5 53. Qxd4 Re2 54. Qxd5 Qxd5
55. Bxd5 Rxd2 56. Rc8+ Kh7 57. Bxb3 Rxb2 0-1

[Event "24th Abu Dhabi Masters"]
[Site "Abu Dhabi UAE"]
[Date "2017.08.17"]
[Round "4.8"]
[White "Batchuluun, Tsegmed"]
[Black "Karthikeyan, Murali"]
[Result "1/2-1/2"]
[WhiteTitle "GM"]
[BlackTitle "GM"]
[WhiteElo "2555"]
[BlackElo "2579"]
[WhiteFideId "4900847"]
[BlackFideId "5074452"]
[EventDate "2017.08.14"]

1. d4 d5 2. c4 e6 3. Nf3 Nf6 4. g3 Bb4+ 5. Bd2 Be7 6. Bg2 O-O 7. O-O c6 8. Qc2
Nbd7 9. Bf4 b6 10. Rd1 Bb7 11. Ne5 Rc8 12. Nc3 Nh5 13. Bc1 Nhf6 14. e4 Ba8 15.
Nxd7 Nxd7 16. cxd5 cxd5 17. exd5 exd5 18. Qa4 Bc6 19. Qb3 Nf6 20. Bg5 Bb7 21.
Bxf6 Bxf6 22. Nxd5 Bxd5 23. Bxd5 Qd6 24. Be4 g6 25. Rd2 Rfe8 26. Bf3 Kg7 27. Kg2
Rc7 28. Rad1 h5 29. h4 Rec8 30. d5 Rc1 31. Be2 Be5 32. Bb5 Rxd1 33. Qxd1 Rc7 34.
a4 Re7 35. Qb3 Qf6 36. Qf3 Bd6 37. Rc2 Re5 38. Qxf6+ Kxf6 39. Bc6 Ke7 1/2-1/2